000
00210nam a22000977a 4500
999
_c
16184
_d
16184
003
OSt
008
200617b ||||| |||| 00| 0 eng d
100
_a
Garet Rogers
_9
4603
245
_a
Scandal in Eden
942
_c
BK